<?xml version="1.0" encoding="UTF-8"?>
<record
    xmlns:xsi="http://www.w3.org/2001/XMLSchema-instance"
    xsi:schemaLocation="http://www.loc.gov/MARC21/slim http://www.loc.gov/standards/marcxml/schema/MARC21slim.xsd"
    xmlns="http://www.loc.gov/MARC21/slim">

  <leader>01668nam a2200193 a 4500</leader>
  <datafield tag="020" ind1=" " ind2=" ">
    <subfield code="a">9056990047 (paperback)</subfield>
  </datafield>
  <datafield tag="020" ind1=" " ind2=" ">
    <subfield code="a">9789056990046 (paperback)</subfield>
  </datafield>
  <datafield tag="100" ind1="1" ind2=" ">
    <subfield code="a">Pfafflin, James R.</subfield>
  </datafield>
  <datafield tag="245" ind1="1" ind2="4">
    <subfield code="a">The dictionary of environmental science and engineering /</subfield>
  </datafield>
  <datafield tag="250" ind1=" " ind2=" ">
    <subfield code="a">0th ed.</subfield>
  </datafield>
  <datafield tag="260" ind1=" " ind2=" ">
    <subfield code="a">[S.l.] :</subfield>
    <subfield code="b">Routledge,</subfield>
    <subfield code="c">1996.</subfield>
  </datafield>
  <datafield tag="300" ind1=" " ind2=" ">
    <subfield code="a">192 p. ;</subfield>
  </datafield>
  <datafield tag="490" ind1="1" ind2=" ">
    <subfield code="a">Routledge dictionaries.</subfield>
  </datafield>
  <datafield tag="520" ind1=" " ind2=" ">
    <subfield code="a">Environmental science and engineering is a truly interdisciplinary field. From its origins in public health practice, concern for the well-being of our environment has embraced areas as diverse as chemistry, the earth sciences, biology, engineering and law. The specialist language of any discipline can be a barrier to co-operation and understanding in solving environmental problems. The Dictionary of Environmental Science and Engineering explains many important specialist environmental terms in a clear and concise way. It also provides an extensive guide to the many acronyms encountered in environmental science. The Dictionary of Environmental Science and Engineering will be a valuable reference tool for anyone working, whether directly or indirectly, with the environment. The dictionary describes many of the acts, organisations and requirements related to the legislation of the environment, giving particular emphasis to those of the United States of America. Thus, it will be particularly useful to those seeking a greater understanding of the US perspective on the environmental question.</subfield>
  </datafield>
  <datafield tag="700" ind1="1" ind2=" ">
    <subfield code="a">Ziegler, Edward N.</subfield>
  </datafield>
  <datafield tag="700" ind1="1" ind2=" ">
    <subfield code="a">Lynch, Joseph M.</subfield>
  </datafield>
  <datafield tag="856" ind1="4" ind2="0">
    <subfield code="u">http://www.amazon.com/exec/obidos/ASIN/9056990047/chopaconline-20</subfield>
  </datafield>
  <datafield tag="942" ind1=" " ind2=" ">
    <subfield code="c">BK</subfield>
  </datafield>
  <datafield tag="999" ind1=" " ind2=" ">
    <subfield code="c">11262</subfield>
    <subfield code="d">11262</subfield>
  </datafield>
  <datafield tag="952" ind1=" " ind2=" ">
    <subfield code="0">0</subfield>
    <subfield code="1">0</subfield>
    <subfield code="4">0</subfield>
    <subfield code="7">0</subfield>
    <subfield code="a">QUESTCL</subfield>
    <subfield code="b">SLEE</subfield>
    <subfield code="d">2014-10-29</subfield>
    <subfield code="g">2884.00</subfield>
    <subfield code="l">0</subfield>
    <subfield code="o">628.03PFA</subfield>
    <subfield code="p">35167</subfield>
    <subfield code="r">2014-10-29 00:00:00</subfield>
    <subfield code="w">2014-10-29</subfield>
    <subfield code="y">BK</subfield>
  </datafield>
</record>
